Exercise as an addiction : (Record no. 39776)
[ view plain ]
| 000 -LEADER | |
|---|---|
| fixed length control field | 02054nam a22003017a 4500 |
| 020 ## - INTERNATIONAL STANDARD BOOK NUMBER | |
| ISBN | 9789391685898 |
| 041 ## - LANGUAGE CODE | |
| Language code of text/sound track or separate title | eng |
| 082 ## - DEWEY DECIMAL CLASSIFICATION NUMBER | |
| Classification number | 155.9 |
| Item number | BAL-E |
| 100 ## - MAIN ENTRY--AUTHOR NAME | |
| Personal name | Bala, Indu |
| Relator term | author |
| 245 ## - TITLE STATEMENT | |
| Title | Exercise as an addiction : |
| Sub Title | beyond the finishing line / |
| Statement of responsibility, etc | Dr. Indu Bala (Malhotra) |
| 260 ## - PUBLICATION, DISTRIBUTION, ETC. (IMPRINT) | |
| Place of publication | New Delhi : |
| Name of publisher | Aayu Publications, |
| Year of publication | 2024. |
| 300 ## - PHYSICAL DESCRIPTION | |
| Number of Pages | xiv, 276p. |
| 504 ## - BIBLIOGRAPHY, ETC. NOTE | |
| Bibliography, etc | Includes bibliographical references. |
| 520 ## - SUMMARY, ETC. | |
| Summary, etc | In the cacophony of modern society, exercise addiction emerges as a poignant melody, its notes echoing through the corridors of mainstream media and the digital landscape. The relentless pursuit of the 'perfect physique, fuelled by societal pressure and amplified by the allure of social validation, has transformed exercise into both a remedy and a menace. Yet, amidst the chaos, a beacon of hope emerges-a growing recognition of exercise addiction as a legitimate psychological labyrinth, beckoning researchers, clinicians, and the populace at large to confront its shadow and forge a path towards healing and understanding. Moreover, within the tapestry of endurance events like marathons and half-marathons, amateur women find solace and strength-a symphony of empowerment against the discordant backdrop of societal norms and expectations. With each stride, they reclaim agency over their bodies and identities, weaving a narrative of resilience and self-acceptance. As they traverse the miles, they forge bonds of camaraderie, finding sanctuary amidst the turnult of body image struggles and mental health battles. |
| 546 ## - LANGUAGE NOTE | |
| Language note | English. |
| 650 ## - SUBJECT ADDED ENTRY--TOPICAL TERM | |
| Topical Term | Exercise addiction |
| 650 ## - SUBJECT ADDED ENTRY--TOPICAL TERM | |
| Topical Term | Compulsive behavior |
| 650 ## - SUBJECT ADDED ENTRY--TOPICAL TERM | |
| Topical Term | Exercise |
| General subdivision | Psychological aspects |
| 650 ## - SUBJECT ADDED ENTRY--TOPICAL TERM | |
| Topical Term | Physical fitness |
| General subdivision | Social aspects |
| 650 ## - SUBJECT ADDED ENTRY--TOPICAL TERM | |
| Topical Term | Body image |
| 650 ## - SUBJECT ADDED ENTRY--TOPICAL TERM | |
| Topical Term | Women athletes |
| General subdivision | Psychology |
| 650 ## - SUBJECT ADDED ENTRY--TOPICAL TERM | |
| Topical Term | Women marathon runners |
| General subdivision | Psychology |
| 650 ## - SUBJECT ADDED ENTRY--TOPICAL TERM | |
| Topical Term | Mental health |
| General subdivision | Exercise |
| 650 ## - SUBJECT ADDED ENTRY--TOPICAL TERM | |
| Topical Term | Endurance sports |
| General subdivision | Psychological aspects |
| 650 ## - SUBJECT ADDED ENTRY--TOPICAL TERM | |
| Topical Term | Self-acceptance |
| 650 ## - SUBJECT ADDED ENTRY--TOPICAL TERM | |
| Topical Term | Social pressure |
| General subdivision | Health aspects |
| 942 ## - ADDED ENTRY ELEMENTS (KOHA) | |
| Source of classification or shelving scheme | Dewey Decimal Classification |
| Koha item type | Books |
| Withdrawn status | Lost status | Damaged status | Not for loan | Home library | Current library | Date acquired | Source of acquisition | Cost, normal purchase price | Bill Date | Full call number | Accession Number | Cost, replacement price | Price effective from | Koha item type |
|---|---|---|---|---|---|---|---|---|---|---|---|---|---|---|
| NASSDOC Library | NASSDOC Library | 02/12/2024 | Gratis | 0.00 | NA | 155.9 BAL-E | 54825 | 2500.00 | 02/12/2024 | Books |
